000 01436nam a2200277 a 4500
999 _c7
_d7
001 7
003 UkOxU
005 20180705134013.0
008 170924s19951981enk 000 0 eng d
020 _a0099578514
020 _a9780099578512
035 _a(OCoLC)32545595
040 _aOX/U-1
_cOX/U-1
_dBD-JhCC
041 _aeng
050 4 _aPR6068.U757
_bM5 1995
082 _2 23
_a823.914
_bRUS
100 1 _aRushdie, Salman.
245 1 0 _aMidnight's children /
_cSalman Rushdie.
260 _aLondon :
_bVintage,
_c1995, c1981.
300 _a462 p. ;
_c20 cm.
500 _aFirst published: London : Jonathan Cape, 1981
520 _aBorn at the stroke of midnight, at the precise moment of India's independence, Saleem Sinai is destined from birth to be special. For he is one of 1,001 children born in the midnight hour, children who all have special gifts, children with whom Saleem is telepathically linked. But there has been a terrible mix up at birth, and Saleem's life takes some unexpected twists and turns. As he grows up amidst a whirlwind of triumphs and disasters, Saleem must learn the ominous consequences of his gift, for the course of his life is inseparably linked to that of his motherland, and his every act is mirrored and magnified in the events that shape the newborn nation of India. It is a great gift, and a terrible burden.
650 _aPoverty - Fiction.
942 _2ddc
_cBK
_01